Formula One Vice Champions - Statistiken

Allgemein
  • Dieses Quiz wurde 44 mal gespielt
    14 seit der letzten Aktualisierung
  • Das Durchschnittsergebnis liegt bei 19 aus 76
Antwortstatistiken
Hint Antwort % Korrekt
2025 Max Verstappen
100%
2024 Lando Norris
91%
2022 Charles Leclerc
82%
2023 Sergio Perez
82%
2021 Lewis Hamilton
73%
2016 Lewis Hamilton
64%
2015 Nico Rosberg
64%
2012 Fernando Alonso
55%
2014 Nico Rosberg
55%
2018 Sebastian Vettel
55%
2017 Sebastian Vettel
55%
2020 Valtteri Bottas
55%
2019 Valtteri Bottas
55%
2008 Felipe Massa
45%
2010 Fernando Alonso
45%
2007 Lewis Hamilton
45%
2006 Michael Schumacher
45%
2013 Fernando Alonso
36%
2011 Jenson Button
36%
2009 Sebastian Vettel
36%
1999 Eddie Irvine
27%
2005 Kimi Räikkönen
27%
1998 Michael Schumacher
27%
2000 Mika Häkkinen
27%
1990 Alain Prost
18%
1988 Alain Prost
18%
1993 Ayrton Senna
18%
1989 Ayrton Senna
18%
1995 Damon Hill
18%
1994 Damon Hill
18%
2001 David Coulthard
18%
1997 Heinz-Harald Frentzen
18%
2003 Kimi Räikkönen
18%
1992 Riccardo Patrese
18%
2004 Rubens Barrichello
18%
2002 Rubens Barrichello
18%
1984 Alain Prost
9%
1983 Alain Prost
9%
1951 Alberto Ascari
9%
1960 Bruce McLaren
9%
1981 Carlos Reutemann
9%
1974 Clay Regazzoni
9%
1982 Didier Pironi
9%
1975 Emerson Fittipaldi
9%
1973 Emerson Fittipaldi
9%
1979 Gilles Villeneuve
9%
1952 Giuseppe Farina
9%
1965 Graham Hill
9%
1964 Graham Hill
9%
1963 Graham Hill
9%
1967 Jack Brabham
9%
1972 Jackie Stewart
9%
1968 Jackie Stewart
9%
1970 Jacky Ickx
9%
1969 Jacky Ickx
9%
1996 Jacques Villeneuve
9%
1962 Jim Clark
9%
1977 Jody Scheckter
9%
1966 John Surtees
9%
1954 José Froilan Gonzalez
9%
1953 Juan Manuel Fangio
9%
1950 Juan Manuel Fangio
9%
1985 Michele Alboreto
9%
1980 Nelson Piquet
9%
1991 Nigel Mansell
9%
1987 Nigel Mansell
9%
1986 Nigel Mansell
9%
1976 Niki Lauda
9%
1978 Ronnie Peterson
9%
1971 Ronnie Peterson
9%
1958 Stirling Moss
9%
1957 Stirling Moss
9%
1956 Stirling Moss
9%
1955 Stirling Moss
9%
1959 Tony Brooks
9%
1961 Wolfgang von Trips
9%
Keine übereinstimmenden Quizze gefunden
Verteilung der Resultate
Anzahl Personen mit jedem Resultat
Perzentil nach korrekt beantworteten Fragen
Ihre Resultats-Entwicklung
Sie haben dieses Quiz seit der letzten Aktualisierung nicht gespielt